| 000 | 00674nam a2200265Ia 4500 | ||
|---|---|---|---|
| 005 | 20260121172955.0 | ||
| 008 | 008 260114s9999 xx 000 0 eng d | ||
| 020 | _a9783030857844 | ||
| 037 | _aEBOOK | ||
| 040 | _aCRL | ||
| 040 | _beng | ||
| 040 | _cCRL | ||
| 041 | _2eng | ||
| 041 | _aeng | ||
| 084 | _qCRL | ||
| 100 |
_aPejman Habibie, Sally Burgess _91095054 |
||
| 245 | 0 | _aScholarly Publication Trajectories of Early-career Scholars | |
| 260 | _bSpringer | ||
| 260 | _bSpringer | ||
| 260 | _c2021 | ||
| 856 | _uhttps://link.springer.com/openurl?genre=book&isbn=978-3-030-85784-4 | ||
| 942 | _cEBOOK | ||
| 999 |
_c1660796 _d1660796 |
||